Достоверность опробования угольных пластов Алдано-Чульманского угленосного района Южно-Якутского угольного бассейна на германий; Поиски и разведка месторождений полезных ископаемых Сибири

Библиографические подробности
Источник:Поиски и разведка месторождений полезных ископаемых Сибири.— 2000.— С. 248-253
Главный автор: Швец В. Н.
Другие авторы: Боярко Г. Ю. Григорий Юрьевич
Язык:русский
Опубликовано: 2000
Предметы:
Формат: MixedMaterials Статья
Запись в KOHA:https://koha.lib.tpu.ru/cgi-bin/koha/opac-detail.pl?biblionumber=229179

MARC

LEADER 00000naa2a2200000 4500
001 229179
005 20240124085330.0
035 |a (RuTPU)RU\TPU\book\249736 
035 |a RU\TPU\book\249734 
090 |a 229179 
100 |a 20121227d2000 k y0rusy50 ca 
101 0 |a rus 
102 |a RU 
200 1 |a Достоверность опробования угольных пластов Алдано-Чульманского угленосного района Южно-Якутского угольного бассейна на германий  |f В. Н. Швец, Г. Ю. Боярко 
463 1 |0 (RuTPU)RU\TPU\book\23231  |t Поиски и разведка месторождений полезных ископаемых Сибири  |o материалы конференции, 25-27 сентября 2000 г., Томск  |f ТПУ  |v С. 248-253  |d 2000  |p 347 с 
610 1 |a труды учёных ТПУ 
675 |a 553(063)  |v 3 
700 1 |a Швец  |b В. Н. 
701 1 |a Боярко  |b Г. Ю.  |c экономист  |c заведующий кафедрой Томского политехнического университета, доктор экономических наук  |f 1954-  |g Григорий Юрьевич  |3 (RuTPU)RU\TPU\pers\26105  |9 11935 
801 1 |a RU  |b 63413507  |c 20031030  |g PSBO 
801 2 |a RU  |b 63413507  |c 20170315  |g PSBO 
942 |c BK